Fruit or Antelope? Quiz Stats

 Plays Quiz Updated Jan 17, 2015

Also try: M&M's or Skittles?
Challenge
Share
Tweet
Embed
Score 0/20 Timer 03:00
5 Plays Today
Fruit/Antelope Result % Correct
Guava???
90.5%
Currant???
87.7%
Lychee???
86.6%
Oryx???
84.6%
Gemsbok???
80.4%
Klipspringer???
79.9%
Loquat???
79.6%
Tamarind???
79.5%
Eland???
78.1%
Sable???
75.8%
Fruit/Antelope Result % Correct
Nyala???
74.3%
Gerenuk???
74.1%
Duiker???
73.1%
Dibatag???
70.4%
Mamoncillo???
64.3%
Rambutan???
58.7%
Ackee???
55.3%
Kob???
55%
Rowan???
46.7%
Cempedak???
25.9%

You're not logged in!

Compare scores with friends on all Sporcle quizzes.
OR
Log In

You Might Also Like...

Show Comments

Extras

Top Quizzes Today


Score Distribution

Your Account Isn't Verified!

In order to create a playlist on Sporcle, you need to verify the email address you used during registration. Go to your Sporcle Settings to finish the process.

Report this User

Report this user for behavior that violates our Community Guidelines.

Details: